Marxism, communism and western society: a comparative encyclopedia
Saved in:
| Hovedforfatter: | |
|---|---|
| Format: | Bog |
| Sprog: | engelsk |
| Udgivet: |
Nueva York
Herder and Herder
1972
|
| Fag: | |
| Tags: |
Tilføj Tag
Ingen Tags, Vær først til at tagge denne postø!
|
MARC
| LEADER | 00000nam a2200000 a 4500 | ||
|---|---|---|---|
| 001 | UCM0608 | ||
| 003 | CL-VaPUC | ||
| 008 | 020301e19720000US |||||||||||||||||eng|d | ||
| 082 | 0 | 4 | |a 320.532 |b KER |2 21 |
| 100 | |a Kernig, C. D |e autor |9 467520 | ||
| 245 | 1 | 0 | |a Marxism, communism and western society: a comparative encyclopedia |
| 300 | |a 8 v | ||
| 942 | |c BK | ||
| 945 | |d 20020301 00:00:00 |a cmena | ||
| 260 | |a Nueva York |b Herder and Herder |c 1972 | ||
| 500 | |a v.1: Absolutism - civil war | ||
| 500 | |a v.2: Class, class struggle - Disproportions | ||
| 500 | |a v.3: Distribution - Foreign policy | ||
| 500 | |a v.4: Foreign trade law - Judicial system | ||
| 500 | |a v.5: Kautsky - Münich agreement | ||
| 500 | |a v.6: National accounting - Primitive society | ||
| 500 | |a v.7: Principle - Socialist patriotism | ||
| 500 | |a v.8: Socialist realism - Zionism | ||
| 650 | 0 | |a Comunismo |9 255588 | |
| 650 | 7 | |a MARXISMO |2 CL-VaPUC |9 467521 | |
| 650 | 0 | |a Ideologías políticas |9 255735 | |
| 650 | 7 | |a PARTIDOS POLITICOS - ASPECTOS SOCIALES |2 CL-VaPUC |9 467522 | |
| 650 | 0 | |a Cambio social |9 256857 | |
| 650 | 0 | |a Lucha de clases |9 403122 | |
| 650 | 0 | |a Relaciones Internacionales |9 255740 | |
| 650 | 7 | |a COMERCIO INTERNACIONAL |2 CL-VaPUC |9 467523 | |
| 650 | 0 | |a Derecho internacional |9 255637 | |
| 650 | 7 | |a NACIONALISMO |2 CL-VaPUC |9 467524 | |
| 583 | |a last modification |c 20020301 00:00:00 |k Rodrigo Vera | ||
| 999 | |c 299492 |d 299490 | ||
| 952 | |0 0 |1 0 |4 0 |6 320_532000000000000_KER_1972 |7 0 |8 A |9 356073 |a BIBHIS |b BIBHIS |d 2019-11-21 |h v.1 |i 3710106 |o 320.532 KER 1972 |p 3710106 |r 2025-01-20 |w 2019-11-21 |y BK |k HIS | ||
| 952 | |0 0 |1 0 |4 0 |6 320_532000000000000_KER_1972 |7 0 |8 A |9 356074 |a BIBHIS |b BIBHIS |d 2019-11-21 |h v.2 |i 3710114 |o 320.532 KER 1972 |p 3710114 |r 2025-01-20 |w 2019-11-21 |y BK |k HIS | ||
| 952 | |0 0 |1 0 |4 0 |6 320_532000000000000_KER_1972 |7 0 |8 A |9 356075 |a BIBHIS |b BIBHIS |d 2019-11-21 |h v.3 |i 3710122 |o 320.532 KER 1972 |p 3710122 |r 2025-01-20 |w 2019-11-21 |y BK |k HIS | ||
| 952 | |0 0 |1 0 |4 0 |6 320_532000000000000_KER_1972 |7 0 |8 A |9 356076 |a BIBHIS |b BIBHIS |d 2019-11-21 |h v.4 |i 3710130 |o 320.532 KER 1972 |p 3710130 |r 2025-01-20 |w 2019-11-21 |y BK |k HIS | ||
| 952 | |0 0 |1 0 |4 0 |6 320_532000000000000_KER_1972 |7 0 |8 A |9 356077 |a BIBHIS |b BIBHIS |d 2019-11-21 |h v.5 |i 3710149 |o 320.532 KER 1972 |p 3710149 |r 2025-01-20 |w 2019-11-21 |y BK |k HIS | ||
| 952 | |0 0 |1 0 |4 0 |6 320_532000000000000_KER_1972 |7 0 |8 A |9 356078 |a BIBHIS |b BIBHIS |d 2019-11-21 |h v.6 |i 3710157 |o 320.532 KER 1972 |p 3710157 |r 2025-01-20 |w 2019-11-21 |y BK |k HIS | ||
| 952 | |0 0 |1 0 |4 0 |6 320_532000000000000_KER_1972 |7 0 |8 A |9 356079 |a BIBHIS |b BIBHIS |d 2019-11-21 |h v.7 |i 3710165 |o 320.532 KER 1972 |p 3710165 |r 2025-01-20 |w 2019-11-21 |y BK |k HIS | ||
| 952 | |0 0 |1 0 |4 0 |6 320_532000000000000_KER_1972 |7 0 |8 A |9 356080 |a BIBHIS |b BIBHIS |d 2019-11-21 |h v.8 |i 3710173 |o 320.532 KER 1972 |p 3710173 |r 2025-01-20 |w 2019-11-21 |y BK |k HIS | ||